Star Wars Podracers - Statistics

General Stats
  • This quiz has been taken 35 times
  • The average score is 10 of 36
Answer Stats
Answer % Correct
Sebulba
92%
Anakin Skywalker
88%
Human
76%
Ben Quadinaros
56%
Dug
48%
Aldar Beedo
44%
Gasgano
44%
Ody Mandrell
44%
Mawhonic
40%
Clegg Holdfast
36%
Dud Bolt
36%
Teemto Pagalies
36%
Gran
28%
Mars Guo
28%
Elan Mak
24%
Neva Kee
24%
Ratts Tyerell
24%
Wan Sandage
24%
Boles Roor
20%
Aleena
16%
Ark Roose
16%
Ebe E. Endocott
16%
Vulptereen
16%
Xamster
16%
Xexto
16%
Bardottan
12%
Er'Kit
12%
Glymphid
12%
Nosaurian
12%
Nuknog
12%
Toong
12%
Triffian
12%
Veknoid
12%
Devlikk
8%
Fluggrian
4%
Sneevel
4%
No matching quizzes found
Score Distribution
Percent of People with Each Score
Percentile by Number Answered
Your Score History
You have not taken this quiz